[Event "15th Avicenna Open Masters 2018"]
[Site "Avicenna"]
[Date "2018.08.19"]
[Round "4"]
[White "Pavlov, Sergey"]
[Black "Pour Agha Bala, Amirreza"]
[Result "1-0"]
[WhiteElo "2496"]
[BlackElo "2272"]
[Annotator "TA"]
[PlyCount "97"]
[EventDate "2018.08.17"]
[EventType "swiss"]
[EventCountry "IRI"]
[SourceTitle "playchess.com"]
[Source "ChessBase"]
[SourceQuality "1"]

{[%evp 32,97,75,52,69,64,67,64,64,65,69,64,70,64,66,68,72,67,73,87,83,78,121,126,129,133,150,84,84,72,94,89,97,69,69,56,79,57,37,49,28,35,46,27,27,54,79,57,91,47,206,0,0,0,0,0,0,0,0,0,0,0,0,0,0,0,0,0]} 1. Nf3 Nf6 2. c4 c5 3. Nc3 g6 4. e4 Bg7 5. d4 cxd4 6. Nxd4 d6 7. Be2 O-O 8. O-O Nc6 9. Be3 Bd7 10. Qd2 Nxd4 11. Bxd4 Bc6 12. f3 a5 13. b3 Nd7 14. Bf2 Nc5 15. Rab1 f5 16. exf5 {B38: Sicilian: Maroczy Bind with 5...Bg7 and 7...0-0} Rxf5 17. Bd1 {[%cal Be2d1,Bd1c2,Bc2e4][%mdl 32] LiveBook: 5 Games} (17. Be3 Qf8 18. Nb5 a4 19. b4 Ne6 20. Bd3 Rf7 21. Be4 Bxb5 22. cxb5 Nd8 23. Rbd1 Qe8 24. b6 Bf8 25. Rfe1 {1-0 (41) Kramnik,V (2803)-Enkhtuul,A (2327) Douglas 2017}) 17... Be5 18. Bc2 {White is slightly better.} Rf7 19. Rfe1 $146 {Strongly threatening Rxe5!} ({Predecessor:} 19. Be3 Qf8 20. f4 Bg7 21. a3 e5 22. fxe5 Bxe5 23. Nd5 {1-0 (40) Dewi,A (2143)-Hegarty,S (2120) Istanbul 2012}) 19... Bf4 20. Be3 Bxe3+ 21. Rxe3 e5 22. Rd1 Rd7 23. Be4 Qb6 24. Nd5 Bxd5 25. Bxd5+ Kg7 26. f4 Re8 27. Kh1 Qd8 28. fxe5 Rxe5 {[#]} 29. Rxe5 (29. Rf3 $142 $1) 29... dxe5 $16 30. Qe3 Qc7 31. h4 {[%cal Bh2h4,Bh4h5][%mdl 32]} Ne6 32. g3 Nd4 33. Rf1 Qd6 {[#]} 34. h5 $1 {[%mdl 512] h6+ would kill now.} Nf5 $1 {[%cal Rf5e3] [#]} (34... gxh5 35. Qg5+) 35. Rxf5 $1 {[%mdl 512]} gxf5 $14 {[%mdl 4096] Endgame KQR-KQB} 36. Qg5+ Kf8 37. Qg8+ Ke7 {Hoping for ...Kf6.} 38. Qxh7+ Kd8 39. Qxf5 e4 $1 {[%cal Re4e3] [#] And now ...e3 would win.} 40. Qg5+ $1 ({Much weaker is} 40. Bxe4 $6 Qxg3 41. Qxa5+ Ke8 $11) 40... Kc7 $2 (40... Re7 $1 $14) 41. Bxe4 $2 ({Only move:} 41. Kg2 $18) 41... Qd1+ $11 {The position is equal.} 42. Kh2 Qe2+ $1 43. Bg2 {Threatens to win with Qf4+.} Rd2 {[%csl Gd2][%cal Re2g2]} 44. Qg7+ Kd8 {[%csl Gd2][%cal Re2g2]} 45. Qf8+ Kc7 {[%csl Gd2][%cal Re2g2]} 46. Qf7+ Kd8 {[%csl Gd2][%cal Re2g2]} 47. Qf8+ Kc7 {[%csl Gd2][%cal Re2g2]} 48. Qf7+ Kd8 {[%csl Gd2][%cal Re2g2]} 49. Qf8+ {[%mdl 32768] Precision: White = 66%, Black = 71%. . Loss on Time!?} 1-0

[Event "15th Avicenna Open Masters 2018"]
[Site "Avicenna"]
[Date "2018.08.19"]
[Round "4"]
[White "Toufighi, Homayoon"]
[Black "Noroozi, Omid"]
[Result "1-0"]
[WhiteElo "2449"]
[BlackElo "2326"]
[Annotator "TA"]
[PlyCount "41"]
[EventDate "2018.08.17"]
[EventType "swiss"]
[EventCountry "IRI"]
[SourceTitle "playchess.com"]
[Source "ChessBase"]
[SourceQuality "1"]

{[%evp 10,41,21,0,0,0,0,0,15,0,0,-13,1,-16,-29,-22,-12,-12,0,-24,14,12,13,-139,-141,-137,-127,-138,-120,-127,-43,-116,-118,-151]} 1. e4 c5 2. Nc3 d6 3. d4 cxd4 4. Qxd4 e5 (4... Nc6 5. Qd2 g6 6. b3 Bg7 7. Bb2 Nf6 8. O-O-O O-O 9. Kb1 Qa5 10. Nge2 e5 11. f3 {½-½ (41) Nakamura,H (2769)-Vachier Lagrave,M (2789) Stavanger 2018}) 5. Qd2 Nf6 6. b3 {LiveBook: 3 Games. B23: Closed Sicilian: Lines without g3} Be7 7. Bb2 O-O 8. O-O-O {The position is equal.} a6 $146 ({Predecessor:} 8... Be6 9. Kb1 a6 10. f4 exf4 11. Nge2 {0-1 (38) Peng,X (2427)-Chen,Q (2432) Tianjin 2018}) 9. f4 b5 10. Nf3 Bb7 11. fxe5 dxe5 12. Qe1 Qc7 {White should prevent ...Rc8.} 13. Nd5 Nxd5 14. Bxe5 Ba3+ 15. Kb1 {[#]} Nc3+ $1 {[%mdl 512]} 16. Bxc3 $2 (16. Qxc3 $11 Qxc3 17. Bxc3) 16... Rc8 $17 17. b4 a5 {[%cal Ba6a5,Ba5b4][%mdl 32]} 18. Nd4 axb4 ({And not} 18... Qxc3 19. Qxc3 Rxc3 20. Nxb5 $14) 19. Ba1 Nd7 ({Better is} 19... Na6 $17 20. Bd3 Nc5) 20. Bd3 {[#]} (20. Bxb5 $15 Nc5 21. Bd3) 20... Nc5 $1 21. Qg3 {[%mdl 32768] Precision: White = 44%, Black = 64%. . Loss on Time!?} 1-0

[Event "15th Avicenna Open Masters 2018"]
[Site "Avicenna"]
[Date "2018.08.19"]
[Round "4"]
[White "Khodashenas, Mersad"]
[Black "Hosseinipour, Mehdi"]
[Result "1/2-1/2"]
[WhiteElo "2440"]
[BlackElo "2327"]
[Annotator "NA"]
[PlyCount "132"]
[EventDate "2018.08.17"]
[EventType "swiss"]
[EventCountry "IRI"]
[SourceTitle "playchess.com"]
[Source "ChessBase"]
[SourceQuality "1"]
[TimeControl "5400+30"]

1. d4 {[%emt 0:03:44]} Nf6 {[%emt 0:00:00]} 2. c4 {[%emt 0:00:03]} e6 {[%emt 0:00:12]} 3. Nf3 {[%emt 0:00:03]} b6 {[%emt 0:00:12]} 4. g3 {[%emt 0:00:05]} Bb4+ {[%emt 0:00:04]} 5. Nbd2 {[%emt 0:02:56]} Bb7 {[%emt 0:00:08]} 6. Bg2 O-O {[%emt 0:00:14]} 7. O-O {[%emt 0:03:30]} Be7 {[%emt 0:00:04]} 8. Qc2 {[%emt 0:05:34]} d5 {[%emt 0:00:35]} 9. cxd5 {[%emt 0:09:04]} Nxd5 {[%emt 0:01:17]} 10. a3 {[%emt 0:03:56]} Nd7 {[%emt 0:10:29]} 11. e4 {[%emt 0:10:53]} N5f6 {[%emt 0:00:07]} 12. e5 {[%emt 0:00:14]} Nd5 {[%emt 0:00:38]} 13. Ne4 {[%emt 0:00:02]} h6 {[%emt 0:03:27]} 14. g4 {[%emt 0:08:30]} f6 {[%emt 0:20:31]} 15. exf6 {[%emt 0:23:37]} N5xf6 {[%emt 0:00:31]} 16. Re1 {[%emt 0:00:07]} Nxg4 {[%emt 0:19:35]} 17. h3 {[%emt 0:00:05]} Ngf6 {[%emt 0:00:37]} 18. Ng3 {[%emt 0:00:18]} Nh7 {[%emt 0:08:53]} 19. Qg6 {[%emt 0:06:18]} Rf6 {[%emt 0:04:52]} 20. Qg4 {[%emt 0:00:02]} Nhf8 {[%emt 0:00:59]} 21. Nh4 {[%emt 0:04:34]} Bxg2 {[%emt 0:01:28]} 22. Kxg2 {[%emt 0:00:02]} Rf7 {[%emt 0:02:10]} 23. Ng6 {[%emt 0:01:57]} Nxg6 {[%emt 0:00:24]} 24. Qxg6 {[%emt 0:00:09]} Nf8 {[%emt 0:00:29]} 25. Qg4 {[%emt 0:02:13]} Qd5+ {[%emt 0:00:32]} 26. Kg1 {[%emt 0:00:02]} Qf3 {[%emt 0:01:48]} 27. Qxf3 {[%emt 0:02:57]} Rxf3 {[%emt 0:00:02]} 28. Be3 {[%emt 0:00:52]} Bd6 {[%emt 0:01:42]} 29. Kg2 {[%emt 0:00:53]} Rf7 {[%emt 0:02:08]} 30. Ne4 {[%emt 0:00:51]} Bf4 {[%emt 0:00:13]} 31. Rac1 Ng6 32. Rc6 {[%emt 0:01:33]} Re8 {[%emt 0:01:53]} 33. Kf1 {[%emt 0:02:27]} Bxe3 {[%emt 0:04:28]} 34. Rxe3 {[%emt 0:00:02]} Nf4 {[%emt 0:00:21]} 35. Nc3 {[%emt 0:00:11]} Ree7 {[%emt 0:00:49]} 36. a4 {[%emt 0:07:03]} Rd7 {[%emt 0:00:57]} 37. Rc4 {[%emt 0:01:03]} a6 {[%emt 0:02:12]} 38. Ne2 {[%emt 0:00:31]} Nxe2 {[%emt 0:01:32]} 39. Kxe2 {[%emt 0:01:17]} Rf4 {[%emt 0:00:19]} 40. Rxe6 {[%emt 0:01:28]} Rfxd4 {[%emt 0:00:10]} 41. b3 {[%emt 0:00:44]} Rd2+ {[%emt 0:00:42]} 42. Ke1 {[%emt 0:00:33]} R2d3 {[%emt 0:03:08]} 43. b4 {[%emt 0:00:00]} Rxh3 {[%emt 0:00:32]} 44. a5 {[%emt 0:00:01]} Ra3 {[%emt 0:06:37]} 45. axb6 {[%emt 0:00:15]} cxb6 46. Rxb6 {[%emt 0:01:14]} Ra1+ {[%emt 0:01:29]} 47. Ke2 {[%emt 0:00:01]} Ra2+ {[%emt 0:00:02]} 48. Ke3 {[%emt 0:00:31]} Re7+ {[%emt 0:00:27]} 49. Kd3 {[%emt 0:00:01]} Rf7 {[%emt 0:01:22]} 50. f4 {[%emt 0:00:08]} h5 {[%emt 0:00:54]} 51. b5 {[%emt 0:00:43]} a5 {[%emt 0:02:21]} 52. Rc5 {[%emt 0:00:56]} h4 {[%emt 0:00:33]} 53. Rb8+ {[%emt 0:00:02]} Rf8 {[%emt 0:00:16]} 54. Rxf8+ {[%emt 0:00:20]} Kxf8 {[%emt 0:00:01]} 55. b6 {[%emt 0:01:14]} Rb2 {[%emt 0:00:00]} 56. Rxa5 {[%emt 0:00:21]} Rxb6 {[%emt 0:00:17]} 57. Rh5 {[%emt 0:00:35]} h3 {[%emt 0:01:00]} 58. Ke3 {[%emt 0:01:20]} Rb3+ {[%emt 0:00:28]} 59. Kf2 {[%emt 0:00:03]} Kf7 {[%emt 0:00:07]} 60. Kg1 {[%emt 0:00:23]} Kg6 {[%emt 0:00:39]} 61. Rg5+ {[%emt 0:00:11]} Kf6 {[%emt 0:00:01]} 62. Kh2 {[%emt 0:00:16]} g6 {[%emt 0:00:34]} 63. Ra5 {[%emt 0:00:30]} Rf3 {[%emt 0:00:10]} 64. Rb5 {[%emt 0:00:13]} Rxf4 {[%emt 0:01:31]} 65. Kxh3 {[%emt 0:00:02]} Rf5 {[%emt 0:00:10]} 66. Rb6+ {[%emt 0:00:12]} Kg5 {[%emt 0:00:07]} 1/2-1/2

[Event "15th Avicenna Open Masters 2018"]
[Site "Avicenna"]
[Date "2018.08.19"]
[Round "4"]
[White "Morchiashvili, Bachana"]
[Black "Daghli, Arash"]
[Result "1-0"]
[WhiteElo "2382"]
[BlackElo "2362"]
[Annotator "NA"]
[PlyCount "87"]
[EventDate "2018.08.17"]
[EventType "swiss"]
[EventCountry "IRI"]
[SourceTitle "playchess.com"]
[Source "ChessBase"]
[SourceQuality "1"]
[TimeControl "5400+30"]

1. d4 {[%emt 0:00:00]} Nf6 {[%emt 0:00:03]} 2. Nf3 {[%emt 0:00:00]} g6 {[%emt 0:00:20]} 3. c4 {[%emt 0:00:00]} Bg7 {[%emt 0:00:24]} 4. Nc3 {[%emt 0:00:00]} O-O {[%emt 0:00:17]} 5. e4 {[%emt 0:00:00]} d6 {[%emt 0:00:12]} 6. Be2 {[%emt 0:00:04]} e5 {[%emt 0:00:16]} 7. O-O {[%emt 0:00:06]} Nc6 {[%emt 0:00:10]} 8. d5 {[%emt 0:00:10]} Ne7 {[%emt 0:00:07]} 9. Bd2 {[%emt 0:00:10]} c5 {[%emt 0:08:40]} 10. Rb1 {[%emt 0:02:17]} b6 {[%emt 0:02:30]} 11. b4 {[%emt 0:01:35]} cxb4 {[%emt 0:12:05]} 12. Rxb4 {[%emt 0:01:06]} Nd7 {[%emt 0:00:06]} 13. Ne1 {[%emt 0:03:02]} Nc5 {[%emt 0:00:52]} 14. Nd3 {[%emt 0:00:39]} f5 {[%emt 0:03:01]} 15. f3 {[%emt 0:03:52]} Kh8 {[%emt 0:04:29]} 16. Rb1 {[%emt 0:04:05]} Ng8 {[%emt 0:04:41]} 17. Nxc5 {[%emt 0:09:19]} bxc5 {[%emt 0:01:02]} 18. Qa4 {[%emt 0:00:17]} Qe7 {[%emt 0:17:46]} 19. Qc6 {[%emt 0:05:30]} Bd7 {[%emt 0:00:09]} 20. Qc7 {[%emt 0:00:54]} Rfc8 {[%emt 0:01:09]} 21. Qa5 {[%emt 0:03:28]} Be8 {[%emt 0:04:13]} 22. Rb3 {[%emt 0:02:44]} Bh6 {[%emt 0:01:19]} 23. Bxh6 {[%emt 0:02:16]} Nxh6 {[%emt 0:00:18]} 24. Rfb1 {[%emt 0:04:54]} Nf7 {[%emt 0:03:20]} 25. Bd3 {[%emt 0:12:16]} Qg5 {[%emt 0:02:37]} 26. Nd1 {[%emt 0:04:01]} fxe4 {[%emt 0:09:51]} 27. Bxe4 {[%emt 0:04:35]} Qd8 {[%emt 0:03:25]} 28. Qxd8 {[%emt 0:00:19]} Nxd8 {[%emt 0:00:07]} 29. Nc3 {[%emt 0:00:52]} Kg7 {[%emt 0:00:27]} 30. h4 {[%emt 0:03:24]} Kf7 {[%emt 0:01:24]} 31. h5 {[%emt 0:01:14]} Ke7 {[%emt 0:04:06]} 32. hxg6 {[%emt 0:00:31]} hxg6 {[%emt 0:00:38]} 33. Kf2 {[%emt 0:00:48]} Bf7 {[%emt 0:05:10]} 34. g4 {[%emt 0:01:37]} Be8 {[%emt 0:01:51]} 35. Ke3 {[%emt 0:01:43]} Kf6 {[%emt 0:02:00]} 36. Bc2 {[%emt 0:00:18]} Rc7 {[%emt 0:02:00]} 37. Ne4+ {[%emt 0:05:14]} Ke7 {[%emt 0:00:01]} 38. Rh1 {[%emt 0:00:27]} Nf7 {[%emt 0:04:51]} 39. Rh7 {[%emt 0:00:45]} Kd8 {[%emt 0:01:31]} 40. Rb1 {[%emt 0:01:05]} Re7 {[%emt 0:01:37]} 41. Nf6 {[%emt 0:01:54]} Ng5 {[%emt 0:00:49]} 42. Rh8 {[%emt 0:00:31]} Kc7 {[%emt 0:00:31]} 43. Ba4 {[%emt 0:00:45]} Bc6 {[%emt 0:00:32]} 44. dxc6 {[%emt 0:01:20]} 1-0

[Event "15th Avicenna Open Masters 2018"]
[Site "Avicenna"]
[Date "2018.08.19"]
[Round "4"]
[White "Guliev, Logman"]
[Black "Molaei, Mohammadamin"]
[Result "1/2-1/2"]
[WhiteElo "2342"]
[BlackElo "2377"]
[Annotator "NA"]
[PlyCount "98"]
[EventDate "2018.08.17"]
[EventType "swiss"]
[EventCountry "IRI"]
[SourceTitle "playchess.com"]
[Source "ChessBase"]
[SourceQuality "1"]
[TimeControl "5400+30"]

1. e4 {[%emt 0:00:00]} c5 {[%emt 0:00:00]} 2. Nf3 {[%emt 0:00:00]} g6 {[%emt 0:00:00]} 3. d4 {[%emt 0:00:00]} cxd4 {[%emt 0:00:00]} 4. Nxd4 {[%emt 0:00:00]} Nc6 {[%emt 0:00:00]} 5. c4 {[%emt 0:00:35]} Nf6 {[%emt 0:00:31]} 6. Nc3 {[%emt 0:00:22]} d6 {[%emt 0:00:02]} 7. Be2 {[%emt 0:00:47]} Nxd4 {[%emt 0:00:05]} 8. Qxd4 {[%emt 0:00:06]} Bg7 {[%emt 0:00:04]} 9. Be3 {[%emt 0:07:22]} O-O {[%emt 0:00:27]} 10. Qd2 {[%emt 0:00:09]} a5 {[%emt 0:00:04]} 11. O-O {[%emt 0:00:11]} a4 {[%emt 0:00:02]} 12. Rac1 {[%emt 0:01:59]} Qa5 {[%emt 0:02:02]} 13. f3 {[%emt 0:01:36]} Be6 {[%emt 0:01:17]} 14. Nd5 {[%emt 0:04:18]} Qxd2 {[%emt 0:01:18]} 15. Bxd2 {[%emt 0:24:16]} Nxd5 {[%emt 0:00:06]} 16. cxd5 {[%emt 0:01:00]} Bd7 {[%emt 0:00:02]} 17. Bc3 {[%emt 0:03:28]} Rfc8 {[%emt 0:07:23]} 18. Bxg7 {[%emt 0:01:20]} Kxg7 {[%emt 0:00:08]} 19. Kf2 {[%emt 0:00:08]} f5 {[%emt 0:00:36]} 20. Ke3 {[%emt 0:00:23]} Kf6 {[%emt 0:00:07]} 21. Kd4 {[%emt 0:01:04]} b6 {[%emt 0:01:30]} 22. Rc3 {[%emt 0:05:23]} a3 {[%emt 0:06:44]} 23. Rb1 {[%emt 0:04:27]} axb2 {[%emt 0:07:56]} 24. Rxc8 {[%emt 0:00:36]} Bxc8 {[%emt 0:00:24]} 25. Rxb2 {[%emt 0:00:18]} Ra4+ {[%emt 0:00:01]} 26. Ke3 {[%emt 0:00:27]} fxe4 {[%emt 0:00:15]} 27. Bb5 {[%emt 0:04:24]} Ra3+ {[%emt 0:02:52]} 28. Kxe4 {[%emt 0:00:02]} Ba6 {[%emt 0:00:08]} 29. Bxa6 {[%emt 0:08:13]} Rxa6 {[%emt 0:00:06]} 30. f4 {[%emt 0:00:03]} Ra4+ {[%emt 0:00:28]} 31. Kf3 {[%emt 0:00:06]} h5 {[%emt 0:00:04]} 32. h3 {[%emt 0:00:55]} Ra3+ {[%emt 0:01:08]} 33. Ke4 {[%emt 0:07:41]} h4 {[%emt 0:00:12]} 34. Rxb6 {[%emt 0:02:59]} Rxa2 {[%emt 0:00:24]} 35. Rb8 {[%emt 0:02:08]} Rxg2 {[%emt 0:05:31]} 36. Rh8 {[%emt 0:00:05]} Ra2 {[%emt 0:00:05]} 37. Rxh4 {[%emt 0:00:11]} Ra4+ {[%emt 0:00:01]} 38. Kd3 {[%emt 0:01:25]} Rb4 {[%emt 0:01:31]} 39. Ke3 {[%emt 0:01:45]} Ra4 {[%emt 0:19:05]} 40. Kd3 {[%emt 0:00:08]} Ra1 {[%emt 0:00:06]} 41. Rh7 {[%emt 0:01:00]} Re1 {[%emt 0:02:46]} 42. Kd4 {[%emt 0:00:44]} Rd1+ {[%emt 0:01:24]} 43. Ke4 {[%emt 0:00:03]} Rd2 {[%emt 0:00:29]} 44. h4 {[%emt 0:00:54]} Rh2 {[%emt 0:00:16]} 45. Kd4 {[%emt 0:00:09]} Rh1 {[%emt 0:03:22]} 46. Ke4 {[%emt 0:00:13]} Re1+ {[%emt 0:00:33]} 47. Kf3 {[%emt 0:00:45]} Rh1 {[%emt 0:01:58]} 48. Ke4 {[%emt 0:02:39]} Re1+ {[%emt 0:00:51]} 49. Kf3 {[%emt 0:00:07]} Rh1 {[%emt 0:00:04]} 1/2-1/2

[Event "15th Avicenna Open Masters 2018"]
[Site "Avicenna"]
[Date "2018.08.19"]
[Round "4"]
[White "Salar, Milad"]
[Black "Mousavi, Seyed Khalil"]
[Result "0-1"]
[WhiteElo "2247"]
[BlackElo "2458"]
[Annotator "ChessBase"]
[PlyCount "85"]
[EventDate "2018.08.17"]
[EventType "swiss"]
[EventCountry "IRI"]
[SourceTitle "playchess.com"]
[Source "ChessBase"]
[SourceQuality "1"]
[TimeControl "5400+30"]

1. e4 {[%emt 0:02:31]} e6 {[%emt 0:00:00]} 2. d4 {[%emt 0:00:05]} d5 {[%emt 0:00:00]} 3. Nd2 {[%emt 0:00:07]} c5 {[%emt 0:00:00]} 4. exd5 {[%emt 0:00:07]} exd5 {[%emt 0:00:00]} 5. Ngf3 {[%emt 0:00:09]} Nc6 {[%emt 0:00:04]} 6. Bb5 {[%emt 0:00:11]} Bd6 {[%emt 0:00:07]} 7. dxc5 {[%emt 0:00:05]} Bxc5 {[%emt 0:00:05]} 8. O-O {[%emt 0:00:09]} Nge7 {[%emt 0:00:03]} 9. Nb3 {[%emt 0:00:08]} Bd6 {[%emt 0:00:06]} 10. c3 {[%emt 0:01:06]} O-O {[%emt 0:00:07]} 11. h3 {[%emt 0:00:22]} h6 {[%emt 0:02:39]} 12. Re1 {[%emt 0:01:25]} Re8 {[%emt 0:06:11]} 13. Nbd4 {[%emt 0:05:26]} a6 {[%emt 0:04:30]} 14. Bd3 {[%emt 0:06:30]} Nxd4 {[%emt 0:05:42]} 15. Nxd4 {[%emt 0:00:36]} Bc7 {[%emt 0:00:29]} 16. Qh5 {[%emt 0:10:28]} Qd6 {[%emt 0:04:53]} 17. g3 {[%emt 0:01:31]} Qf6 {[%emt 0:08:50]} 18. Qxd5 {[%emt 0:24:28]} Bxh3 {[%emt 0:03:11]} 19. Qxb7 {[%emt 0:01:27]} Nf5 {[%emt 0:03:50]} 20. Be3 {[%emt 0:02:25]} Be5 {[%emt 0:18:46]} 21. Nxf5 {[%emt 0:03:31]} Bxf5 {[%emt 0:01:34]} 22. Bxf5 {[%emt 0:00:07]} Qxf5 {[%emt 0:00:04]} 23. Rad1 {[%emt 0:07:30]} h5 {[%emt 0:07:00]} 24. Qd7 {[%emt 0:02:15]} Re6 {[%emt 0:03:14]} 25. Bd4 {[%emt 0:06:38]} Bxd4 {[%emt 0:01:09]} 26. Qxd4 {[%emt 0:00:05]} Rf6 {[%emt 0:00:16]} 27. Rd2 {[%emt 0:00:59]} Qh3 {[%emt 0:08:07]} 28. Qe4 {[%emt 0:01:56]} Rb8 {[%emt 0:02:02]} 29. Qg2 {[%emt 0:01:34]} Qg4 {[%emt 0:00:53]} 30. Re4 {[%emt 0:01:17]} Qg5 {[%emt 0:01:38]} 31. Red4 {[%emt 0:04:52]} Re6 {[%emt 0:03:08]} 32. Qd5 {[%emt 0:02:25]} Re5 {[%emt 0:01:49]} 33. Qd6 {[%emt 0:01:01]} Rbe8 {[%emt 0:01:13]} 34. Rd1 {[%emt 0:02:35]} Re2 {[%emt 0:01:36]} 35. R4d2 {[%emt 0:00:51]} R2e6 {[%emt 0:00:33]} 36. Qf4 {[%emt 0:02:43]} Qb5 {[%emt 0:04:45]} 37. c4 {[%emt 0:02:44]} Qb7 {[%emt 0:00:35]} 38. Kh2 {[%emt 0:01:21]} Rf6 {[%emt 0:02:01]} 39. Qg5 {[%emt 0:03:36]} h4 {[%emt 0:02:12]} 40. gxh4 {[%emt 0:01:53]} Qe4 {[%emt 0:02:27]} 41. Rg1 Rg6 {[%emt 0:00:14]} 42. Qh5 {[%emt 0:01:15]} Qf4+ {[%emt 0:00:07]} 43. Kh1 0-1

[Event "15th Avicenna Open Masters 2018"]
[Site "Avicenna"]
[Date "2018.08.19"]
[Round "4"]
[White "Khoshkalam, Seyed Mehrab"]
[Black "Asgarizadeh, Ahmad"]
[Result "0-1"]
[WhiteElo "2182"]
[BlackElo "2416"]
[Annotator "TA"]
[PlyCount "114"]
[EventDate "2018.08.17"]
[EventType "swiss"]
[EventCountry "IRI"]
[SourceTitle "playchess.com"]
[Source "ChessBase"]
[SourceQuality "1"]

{[%evp 11,114,0,2,-83,-64,-94,-103,-127,-133,-107,-100,-106,-50,-117,-125,-113,-117,-119,-120,-118,-116,-115,-124,-115,-126,-121,-127,-127,-120,-108,-108,-132,-100,-106,-65,-129,-129,-111,-120,-135,-135,-127,-126,-131,-140,-134,-130,-183,-183,-185,-201,-424,-418,-398,-391,-361,-106,-96,-97,-99,-96,-105,-99,-133,-141,-143,-148,-148,-141,-148,-148,-148,-148,-141,-139,-197,-197,-197,-197,-197,-197,-197,-197,-226,-218,-1197,-1181,-5506,-112,-5181,-1272,-1041,-112,-29963,-29965,-29967,-29968,-29968,-29969,-29969,-29967,-29966,-29967,-29963,-10160]} 1. d4 Nf6 2. Nf3 d5 3. Bf4 c5 4. e3 Qb6 5. dxc5 Qxb2 6. Nbd2 {D02: 1 d4 d5 2 Nf3 sidelines, including 2...Nf6 3 g3 and 2...Nf6 3 Bf4} Qc3 {LiveBook: 3 Games} 7. Nd4 $146 (7. Bb5+ $11 Nbd7 8. Rb1) ({Predecessor:} 7. Bb5+ Nc6 8. O-O Qxc5 9. c4 dxc4 10. a4 Nd5 11. Ne4 {1-0 (11) Duda,J (2717)-Ponomariov,R (2694) Katowice 2017}) 7... a6 $1 $17 8. Be2 {Black is slightly better.} Nbd7 {Threatens to win with ...e5.} 9. N4b3 e5 10. Bg3 Bxc5 11. O-O Ba7 ({Black should try} 11... Bb4 $17 12. a3 Be7) 12. Rc1 (12. Nf3 $15) 12... b5 {[%cal Bb7b5,Bb5a4][%mdl 32]} 13. Nb1 Qc7 14. a4 bxa4 15. N3d2 O-O 16. c4 d4 $1 {[%cal Rd4e3]} 17. exd4 Bxd4 18. Qxa4 Nc5 19. Qa3 Rb8 20. Nc3 Bb7 21. Rfd1 Rfc8 ({Don't play} 21... Qc6 22. Nf3 $15) 22. Qa2 Qe7 (22... Bc6 {looks sharper.} 23. Nd5 Qa7 24. Nxf6+ gxf6 25. Bh4 Qd7) 23. Nf3 (23. Nd5 $15 Qe6 24. Nf3 Nxd5 25. cxd5 Bxd5 26. Nxd4 exd4 27. Qa1) 23... Bxc3 24. Rxc3 Nfe4 25. Re3 f6 26. Nd2 Rd8 27. Nxe4 Rxd1+ 28. Bxd1 {Strongly threatening Nxc5.} Bxe4 29. f3 (29. Re1 $17) 29... Qd7 $19 30. Re1 Rb1 31. Qa3 $2 (31. Be2 {was necessary.} Qd4+ 32. Kh1) 31... Nd3 (31... Rxd1 32. Qxc5 Bc2 33. h4 $17) 32. Rf1 Qd4+ $1 33. Kh1 Nc5 $2 ({Not} 33... Qxc4 34. Be2 $17) (33... Nf2+ 34. Bxf2 Qxf2 35. Rg1 $19) (33... Nb2 $19 {has better winning chances. ( -> ...Qxd1)} 34. Qe7 h6 35. Qe6+ Kh7 36. fxe4 Rxd1 37. Qf5+ Kg8) 34. Be2 $17 Rxf1+ 35. Bxf1 Bf5 $40 {[%mdl 128] Black attacks with force.} 36. h3 h5 37. Bh2 {[#]} Bd3 $1 {[%cal Rd3f1]} 38. Bg1 Qxc4 $1 39. Qxc5 Bxf1 40. Qxc4+ Bxc4 {[%mdl 4096] Endgame KB-KB} 41. Bb6 Kf7 42. Kg1 Ke6 43. h4 (43. Kf2 $17 {was called for.}) 43... Kd5 $19 44. Kf2 Bd3 45. Ke3 Kc4 46. Bc7 g6 {[%cal Bg7g6,Bg6h5][%mdl 32]} 47. g4 Bc2 48. gxh5 $2 (48. Kd2 hxg4 49. fxg4) 48... gxh5 49. f4 Kd5 $2 (49... exf4+ $19 {and Black stays clearly on top.} 50. Kf3 Kb4 51. Bd6+ Ka4 52. Kxf4 a5) 50. Ba5 $2 {[%mdl 8192]} (50. fxe5 $17 fxe5 51. Ba5) 50... Bd1 (50... exf4+ $142 51. Kxf4 Kc6) 51. Bc3 {[#]} Bg4 $2 (51... exf4+ $1 $19 52. Kxf4 Kc4) 52. Ba5 $2 {[%mdl 8192]} (52. fxe5 $17 fxe5 53. Bd2) 52... exf4+ {Black mates.} 53. Kxf4 Kc4 54. Bd2 Kb5 55. Ke4 a5 {[%cal Ba6a5,Ba5a4][%mdl 32]} 56. Kd4 a4 57. Kc3 Kc5 {Precision: White = 32%, Black = 65%.} 0-1

[Event "15th Avicenna Open Masters 2018"]
[Site "Avicenna"]
[Date "2018.08.20"]
[Round "5"]
[White "Mousavi, Seyed Khalil"]
[Black "Toufighi, Homayoon"]
[Result "1/2-1/2"]
[WhiteElo "2458"]
[BlackElo "2449"]
[Annotator "TA"]
[PlyCount "28"]
[EventDate "2018.08.17"]
[EventType "swiss"]
[EventCountry "IRI"]
[SourceTitle "playchess.com"]
[Source "ChessBase"]
[SourceQuality "1"]

{[%evp 17,21,14,9,10,17,10]} 1. e4 c6 2. Nc3 d5 3. Nf3 Bg4 4. h3 Bxf3 5. Qxf3 e6 6. d4 dxe4 7. Qxe4 {B11: Caro-Kann: Two Knights Variation} Nf6 8. Qd3 Nbd7 (8... Na6 9. a3 Qb6 10. Be2 Be7 11. O-O O-O 12. Rd1 Rfd8 13. b4 Nc7 14. Na4 Qb5 {½-½ (39) Vachier Lagrave,M (2794)-Ivanchuk,V (2732) Germany 2018}) 9. Be2 Bd6 {LiveBook: 3 Games} 10. O-O Qc7 11. Ne4 {Predecessor:} Bh2+ $146 12. Kh1 Bf4 13. Nd2 O-O 14. g3 Bh6 {½-½ (38) Smyslov,V (2545)-Chandler,M (2455) Hastings 1981} 1/2-1/2